Tâm lý học sáng tạo văn học
Cùng với cuốn " Cá tính sáng tạo văn học ", " Tâm lí học sáng tạo văn học " là một tác phẩm hoàn hảo nghiên cứu về quá trình sáng tác của các nhà văn khác nhau trên thế giới
محفوظ في:
| المؤلف الرئيسي: | |
|---|---|
| التنسيق: | كتاب |
| اللغة: | Undetermined |
| منشور في: |
Hà Nội
Văn học
1978
|
| الموضوعات: | |
| الوسوم: |
إضافة وسم
لا توجد وسوم, كن أول من يضع وسما على هذه التسجيلة!
|
| Thư viện lưu trữ: | Trung tâm Học liệu Trường Đại học Cần Thơ |
|---|
| LEADER | 00787nam a2200181Ia 4500 | ||
|---|---|---|---|
| 001 | CTU_8777 | ||
| 008 | 210402s9999 xx 000 0 und d | ||
| 082 | |a 801.92 | ||
| 082 | |b A744 | ||
| 100 | |a M Arnaudov | ||
| 245 | 0 | |a Tâm lý học sáng tạo văn học | |
| 245 | 0 | |c M Arnaudov; Dịch giả: Hoài Lam, Hoài Ly | |
| 260 | |a Hà Nội | ||
| 260 | |b Văn học | ||
| 260 | |c 1978 | ||
| 520 | |a Cùng với cuốn " Cá tính sáng tạo văn học ", " Tâm lí học sáng tạo văn học " là một tác phẩm hoàn hảo nghiên cứu về quá trình sáng tác của các nhà văn khác nhau trên thế giới | ||
| 650 | |a creative writing,fictions, theory of | ||
| 980 | |a Trung tâm Học liệu Trường Đại học Cần Thơ | ||